[Event "RUS-chT 31th"]
[Site "Sochi"]
[Date "2024.05.10"]
[Round "9.27"]
[White "Inarkiev, Ernesto"]
[Black "Kukhmazov, Arsen"]
[Result "1-0"]
[WhiteElo "2658"]
[BlackElo "2502"]
[PlyCount "229"]
[EventDate "2024.05.01"]
[EventType "team-tourn"]
[EventRounds "9"]
[EventCountry "RUS"]
[SourceTitle "CB20_2024"]
[SourceDate "2024.05.16"]
[SourceVersion "1"]
[SourceVersionDate "2024.05.16"]
[SourceQuality "1"]
[WhiteTeam "Moscow ShSM"]
[BlackTeam "Moscow Russian ChSchool"]
[WhiteTeamCountry "RUS"]
[BlackTeamCountry "RUS"]

1. e4 c5 2. Nf3 e6 3. d4 cxd4 4. Nxd4 Nf6 5. Nc3 Nc6 6. Nxc6 bxc6 7. e5 Nd5 8. Ne4 Qc7 9. f4 Qb6 10. c4 Bb4+ 11. Ke2 f5 12. Nf2 Ba6 13. Kf3 Ne7 14. Be3 Bc5 15. Bxc5 Qxc5 16. Qd6 Qa5 17. Be2 g5 18. Rhd1 g4+ 19. Kg3 Qd8 20. h4 Ng6 21. Rh1 Qb6 22. Qd2 h5 23. Rad1 Rd8 24. c5 Qb7 25. Bxa6 Qxa6 26. b3 Ne7 27. Rc1 Nd5 28. Rc4 Qb5 29. Rhc1 a5 30. Ra4 Ra8 31. Nd3 Ke7 32. Rcc4 Rhb8 33. Nc1 Qa6 34. Ne2 Rb4 35. Nd4 Rab8 36. Nc2 Rxa4 37. Rxa4 Rb5 38. Rc4 Rb8 39. Kf2 Qa7 40. g3 Qa6 41. Ke1 Rb7 42. Ra4 Rb5 43. Qd4 Qa7 44. Rc4 Kd8 45. Kd2 Qa6 46. Qf2 Rb7 47. Qd4 Rb5 48. Qb2 Rb8 49. Qa3 Ke7 50. Qa4 Qb5 51. Nd4 Qa6 52. a3 Ra8 53. Rc1 Kd8 54. Qc4 Qb7 55. Qd3 Ra7 56. Rc4 a4 57. b4 Qa6 58. Nc2 Rb7 59. Qd4 Ke8 60. Ne1 Nc7 61. Qd3 Nd5 62. Qc2 Nc7 63. Qa2 Nb5 64. Nc2 Nc7 65. Ne3 Nd5 66. Nd1 Kd8 67. Nb2 Rb8 68. Qa1 Kc7 69. Rd4 Rb7 70. Qd1 Kd8 71. Nc4 Rb8 72. Qc2 Kc7 73. Rd3 Qb5 74. Nd6 Qa6 75. Qb1 Qa7 76. Qd1 Qa6 77. Qc2 Qa7 78. Qc4 Kd8 79. Ke1 Nc7 80. Rd2 Qa6 81. Qd4 Nd5 82. Kf2 Kc7 83. Rb2 Kd8 84. Qd2 Kc7 85. Qd4 Kd8 86. Rb1 Kc7 87. Nc4 Qb5 88. Rc1 Kd8 89. Qd1 Kc7 90. Nd6 Qa6 91. Qe2 Qxe2+ 92. Kxe2 Kd8 93. Kd3 Nc7 94. Rd1 Nb5 95. Nc4 Ra8 96. Kc2 Ra7 97. Kb2 Kc7 98. Nd6 Nxd6 99. exd6+ Kb7 100. Kc3 Ka6 101. b5+ Kxb5 102. Kd4 Rb7 103. Rb1+ Ka6 104. Rxb7 Kxb7 105. Ke5 Ka6 106. Kf6 Kb5 107. Ke7 e5 108. fxe5 f4 109. e6 fxg3 110. exd7 g2 111. d8Q g1Q 112. Qb6+ Kc4 113. d7 Qe3+ 114. Kf7 Qf4+ 115. Kg8 1-0

[Event "Moscow Chess Stars 3.0 Blitz"]
[Site "Moscow"]
[Date "2023.12.19"]
[Round "15"]
[White "Sadhwani, Raunak"]
[Black "Inarkiev, Ernesto"]
[Result "1-0"]
[WhiteElo "2654"]
[BlackElo "2658"]
[PlyCount "75"]
[EventDate "2023.12.18"]
[EventType "tourn (blitz)"]
[EventRounds "18"]
[EventCountry "RUS"]
[EventCategory "17"]
[SourceTitle "CB52_2023"]
[SourceDate "2023.12.27"]
[SourceVersion "1"]
[SourceVersionDate "2023.12.27"]
[SourceQuality "1"]

1. e4 e5 2. Nf3 Nc6 3. Bb5 a6 4. Ba4 Nf6 5. d3 d6 6. c3 Be7 7. 0-0 0-0 8. Re1 b5 9. Bc2 Re8 10. Nbd2 Bf8 11. Nf1 h6 12. Ng3 d5 13. Qe2 Be6 14. b3 Qd7 15. Bb2 Rad8 16. h3 Qc8 17. Rad1 dxe4 18. dxe4 Rxd1 19. Rxd1 Rd8 20. Bc1 Rxd1+ 21. Qxd1 Nd7 22. Nf5 Bxf5 23. exf5 Nf6 24. g4 Bc5 25. Nd2 Qd7 26. Qf3 Ne7 27. Ne4 Nxe4 28. Bxe4 Qd6 29. h4 c6 30. c4 bxc4 31. bxc4 Qd4 32. f6 Qa1 33. Qd1 gxf6 34. Kg2 Ng6 35. Bxg6 fxg6 36. Qd8+ Kf7 37. Qd7+ Be7 38. Ba3 1-0

[Event "Moscow Chess Stars 3.0 Blitz"]
[Site "Moscow"]
[Date "2023.12.18"]
[Round "4"]
[White "Inarkiev, Ernesto"]
[Black "Karjakin, Sergey"]
[Result "1/2-1/2"]
[WhiteElo "2658"]
[BlackElo "2750"]
[PlyCount "175"]
[EventDate "2023.12.18"]
[EventType "tourn (blitz)"]
[EventRounds "18"]
[EventCountry "RUS"]
[EventCategory "17"]
[SourceTitle "CB51_2023"]
[SourceDate "2023.12.20"]
[SourceVersion "1"]
[SourceVersionDate "2023.12.20"]
[SourceQuality "1"]

1. e4 c5 2. Nf3 d6 3. d4 cxd4 4. Nxd4 Nf6 5. Nc3 a6 6. Be3 e5 7. Nb3 Be6 8. f3 Nbd7 9. g4 Nb6 10. Qd2 d5 11. Bxb6 Qxb6 12. Nxd5 Bxd5 13. exd5 0-0-0 14. 0-0-0 Nxd5 15. Bc4 Bb4 16. Qe2 Qe3+ 17. Qxe3 Nxe3 18. Rxd8+ Rxd8 19. Bxf7 Rf8 20. Be6+ Kc7 21. c3 Be7 22. Nd2 Bg5 23. h4 Bf4 24. Kb1 Bg3 25. Bb3 h6 26. a4 a5 27. Ka2 b6 28. Rh3 Bf4 29. Nc4 Nxc4 30. Bxc4 Rd8 31. Rh1 Rd2 32. Re1 Kd6 33. Re2 Rxe2 34. Bxe2 Bg3 35. h5 Kc5 36. Bd3 Bf4 37. Kb3 Kd5 38. Be4+ Kc5 39. Kc2 Kd6 40. b4 Bg3 41. Kb3 Be1 42. Kc4 Bd2 43. Bf5 Be1 44. Be4 Bd2 45. Bc2 Be1 46. Bb3 Bd2 47. Bc2 Be1 48. Bg6 Bd2 49. Be8 Be1 50. Bb5 Bd2 51. Kd3 Be1 52. bxa5 bxa5 53. c4 Bf2 54. Ke4 Bd4 55. Kf5 Ke7 56. Kg6 Kf8 57. Bc6 Bc3 58. Bd5 Bd4 59. Be4 Kg8 60. Bf5 Kf8 61. Be6 Bc5 62. Bf5 Bd6 63. Bc2 Kg8 64. Bd3 Kf8 65. Be4 Bb8 66. c5 Ba7 67. c6 Bb8 68. Bd5 Bc7 69. Bc4 Bb8 70. Bd3 Bc7 71. Be2 Bb8 72. Bf1 Bc7 73. Bb5 Bb8 74. Ba6 Bc7 75. Bd3 Bb8 76. Bc4 Bc7 77. Bf7 Bb8 78. Be6 Bc7 79. Bf5 Bb8 80. g5 hxg5 81. h6 gxh6 82. Kxh6 Ke7 83. Kxg5 Kd6 84. Bd7 Bc7 85. Kf6 Bb6 86. Kf7 Bc7 87. Ke8 Bb6 88. Kf7 1/2-1/2

[Event "Moscow Chess Stars 3.0 Blitz"]
[Site "Moscow"]
[Date "2023.12.18"]
[Round "8"]
[White "Radjabov, Teimour"]
[Black "Inarkiev, Ernesto"]
[Result "1-0"]
[WhiteElo "2723"]
[BlackElo "2658"]
[PlyCount "71"]
[EventDate "2023.12.18"]
[EventType "tourn (blitz)"]
[EventRounds "18"]
[EventCountry "RUS"]
[EventCategory "17"]
[SourceTitle "CB51_2023"]
[SourceDate "2023.12.20"]
[SourceVersion "1"]
[SourceVersionDate "2023.12.20"]
[SourceQuality "1"]

1. e4 c5 2. Nf3 Nc6 3. Nc3 g6 4. d4 cxd4 5. Nxd4 Bg7 6. Be3 Nf6 7. Bc4 0-0 8. Bb3 d6 9. f3 Bd7 10. Qd2 Nxd4 11. Bxd4 b5 12. a3 a5 13. 0-0 Qc7 14. Kh1 e6 15. Ne2 Rfc8 16. c3 Bc6 17. Rad1 Rd8 18. Be3 d5 19. e5 Nd7 20. f4 Rab8 21. Rc1 Bf8 22. Bc2 Nc5 23. Bxc5 Bxc5 24. Nd4 b4 25. axb4 axb4 26. f5 Bxd4 27. cxd4 exf5 28. Bxf5 Qb7 29. e6 Be8 30. Qg5 Rd6 31. Bh3 Qb6 32. Qe7 Rxe6 33. Bxe6 Qxe6 34. Qc7 Ra8 35. Rce1 Qa6 36. Rxe8+ 1-0

[Event "Moscow Chess Stars 3.0 Rapid"]
[Site "Moscow"]
[Date "2023.12.14"]
[Round "3"]
[White "Goryachkina, Aleksandra"]
[Black "Inarkiev, Ernesto"]
[Result "1/2-1/2"]
[WhiteElo "2553"]
[BlackElo "2658"]
[PlyCount "52"]
[EventDate "2023.12.14"]
[EventType "tourn (rapid)"]
[EventRounds "9"]
[EventCountry "RUS"]
[EventCategory "17"]
[SourceTitle "CB51_2023"]
[SourceDate "2023.12.20"]
[SourceVersion "1"]
[SourceVersionDate "2023.12.20"]
[SourceQuality "1"]

1. d4 Nf6 2. c4 e6 3. Nf3 b6 4. g3 Bb7 5. Bg2 Be7 6. 0-0 0-0 7. Nc3 Ne4 8. Bd2 d5 9. cxd5 exd5 10. Bf4 g5 11. Be3 f5 12. Qc1 h6 13. h4 gxh4 14. Nxe4 fxe4 15. Nxh4 Bxh4 16. gxh4 Rf7 17. f3 exf3 18. Rxf3 Rxf3 19. Bxf3 Nc6 20. Bxh6 Qxh4 21. Qf4 Qxf4 22. Bxf4 Nxd4 23. Bxc7 Rc8 24. Be5 Nxf3+ 25. exf3 d4 26. Bxd4 Bxf3 1/2-1/2

[Event "Moscow Chess Stars 3.0 Rapid"]
[Site "Moscow"]
[Date "2023.12.14"]
[Round "2"]
[White "Inarkiev, Ernesto"]
[Black "Grischuk, Alexander"]
[Result "0-1"]
[WhiteElo "2658"]
[BlackElo "2732"]
[PlyCount "144"]
[EventDate "2023.12.14"]
[EventType "tourn (rapid)"]
[EventRounds "9"]
[EventCountry "RUS"]
[EventCategory "17"]
[SourceTitle "CB51_2023"]
[SourceDate "2023.12.20"]
[SourceVersion "1"]
[SourceVersionDate "2023.12.20"]
[SourceQuality "1"]

1. d4 Nf6 2. Nf3 c6 3. c4 d5 4. e3 Bg4 5. Nc3 e6 6. Qb3 Qb6 7. Nh4 Bh5 8. h3 Be7 9. g4 Bg6 10. Nxg6 hxg6 11. Bg2 g5 12. 0-0 Nbd7 13. Rd1 Qxb3 14. axb3 a6 15. f4 gxf4 16. exf4 g6 17. Re1 0-0-0 18. f5 gxf5 19. gxf5 Nf8 20. cxd5 Nxd5 21. Nxd5 cxd5 22. Bf4 Kd7 23. Rac1 Bd6 24. Rf1 Bxf4 25. Rxf4 Kd6 26. Re1 Nd7 27. h4 Rh6 28. Bh3 Re8 29. fxe6 fxe6 30. Kf2 Nf6 31. Re5 Re7 32. Ke2 Nh5 33. Rg4 Rf7 34. Ke3 Ng7 35. Kd2 Rh7 36. b4 Rf6 37. Re1 Nf5 38. Rf1 Rfh6 39. Rgf4 Rxh4 40. Bxf5 exf5 41. Rxf5 Rxd4+ 42. Kc3 Rc4+ 43. Kb3 Rhh4 44. Rf6+ Kc7 45. Rf7+ Kb6 46. R1f6+ Ka7 47. Rd7 Rxb4+ 48. Ka3 Ra4+ 49. Kb3 Rhb4+ 50. Kc2 Ra2 51. Rxd5 Raxb2+ 52. Kc3 R4b3+ 53. Kc4 Rb6 54. Rf7 Rc6+ 55. Kd3 Rb1 56. Kd2 Rbb6 57. Rh5 Rb5 58. Rh4 Rd5+ 59. Ke2 Re6+ 60. Kf3 Rb5 61. Rc4 a5 62. Rff4 Ka6 63. Rfd4 Rf5+ 64. Kg4 Rf8 65. Kg5 Re1 66. Kh6 Rg8 67. Kh7 Rg5 68. Rd6+ b6 69. Rh4 Reg1 70. Rh2 Rg7+ 71. Kh6 Rg8 72. Kh7 R1g7+ 0-1

[Event "Moscow Region Group Cup"]
[Site "Moscow"]
[Date "2023.12.03"]
[Round "13"]
[White "Goryachkina, Aleksandra"]
[Black "Inarkiev, Ernesto"]
[Result "1/2-1/2"]
[WhiteElo "2567"]
[BlackElo "2658"]
[PlyCount "94"]
[EventDate "2023.12.01"]
[EventType "tourn (rapid)"]
[EventRounds "14"]
[EventCountry "RUS"]
[EventCategory "17"]
[SourceTitle "CB49_2023"]
[SourceDate "2023.12.06"]
[SourceVersion "1"]
[SourceVersionDate "2023.12.06"]
[SourceQuality "1"]

1. d4 Nf6 2. c4 e6 3. g3 c5 4. d5 exd5 5. cxd5 d6 6. Nc3 g6 7. Nf3 Bg7 8. Bg2 0-0 9. 0-0 Re8 10. Re1 Nbd7 11. Bf4 Nh5 12. Bg5 Qc7 13. Qc2 a6 14. a4 Rb8 15. a5 b6 16. axb6 Qxb6 17. Ra2 h6 18. Bc1 Nhf6 19. Nd2 Ne5 20. b3 Nfg4 21. Na4 Qb4 22. Ba3 Qd4 23. e3 Qd3 24. Be4 Qxc2 25. Bxc2 f5 26. f4 Nf7 27. Nc4 Bd7 28. Nab6 Bb5 29. Bc1 Rb7 30. Bd2 Nf6 31. Kf2 Reb8 32. Ba5 Bf8 33. e4 Nxe4+ 34. Bxe4 fxe4 35. Rxe4 Bxc4 36. Nxc4 Rxb3 37. Re6 Kh7 38. Bc7 R8b7 39. Bxd6 Nxd6 40. Nxd6 Rb2+ 41. Rxb2 Rxb2+ 42. Kf3 Rb3+ 43. Ke4 Rb4+ 44. Ke3 Rb3+ 45. Ke4 Rb4+ 46. Ke3 Rb3+ 47. Ke4 Rb4+ 1/2-1/2

[Event "Moscow Region Group Cup"]
[Site "Moscow"]
[Date "2023.12.02"]
[Round "6"]
[White "Inarkiev, Ernesto"]
[Black "Goryachkina, Aleksandra"]
[Result "1-0"]
[WhiteElo "2658"]
[BlackElo "2567"]
[PlyCount "82"]
[EventDate "2023.12.01"]
[EventType "tourn (rapid)"]
[EventRounds "14"]
[EventCountry "RUS"]
[EventCategory "17"]
[SourceTitle "CB49_2023"]
[SourceDate "2023.12.06"]
[SourceVersion "1"]
[SourceVersionDate "2023.12.06"]
[SourceQuality "1"]

1. e4 c5 2. Nf3 e6 3. d4 cxd4 4. Nxd4 Nc6 5. Nc3 Bc5 6. Nb3 Bb4 7. Bd2 Nf6 8. a3 Bxc3 9. Bxc3 Nxe4 10. Bxg7 Rg8 11. Bd4 Nxd4 12. Qxd4 d5 13. f3 Nd6 14. 0-0-0 Bd7 15. Kb1 Qb6 16. Qf6 Ba4 17. Nd4 Kd7 18. g3 Rac8 19. Bd3 Rge8 20. Rhe1 Kc7 21. Bxh7 Nc4 22. b3 Nd6 23. Bd3 Kb8 24. h4 a5 25. h5 Bd7 26. h6 a4 27. b4 Rc3 28. Kb2 e5 29. Qh4 e4 30. Bf1 Rcc8 31. h7 Ka7 32. Kb1 Nf5 33. Nxf5 Bxf5 34. Rxd5 Bg6 35. Qf4 Qf2 36. Rc1 exf3 37. Ra5+ Kb6 38. Qf6+ Rc6 39. h8Q Rxh8 40. Qxh8 Rxc2 41. Qd8+ Kc6 1-0

[Event "Moscow Region Group Cup"]
[Site "Moscow"]
[Date "2023.12.01"]
[Round "4"]
[White "Inarkiev, Ernesto"]
[Black "Tomashevsky, Evgeny"]
[Result "1/2-1/2"]
[WhiteElo "2658"]
[BlackElo "2681"]
[PlyCount "60"]
[EventDate "2023.12.01"]
[EventType "tourn (rapid)"]
[EventRounds "14"]
[EventCountry "RUS"]
[EventCategory "17"]
[SourceTitle "CB49_2023"]
[SourceDate "2023.12.06"]
[SourceVersion "1"]
[SourceVersionDate "2023.12.06"]
[SourceQuality "1"]

1. d4 Nf6 2. Nf3 d5 3. Bf4 e6 4. e3 c5 5. c3 Bd6 6. Nbd2 cxd4 7. Bxd6 dxc3 8. Ba3 cxd2+ 9. Nxd2 Bd7 10. Qf3 Qc7 11. Bd3 Nc6 12. Rc1 0-0-0 13. 0-0 Kb8 14. Rc3 Rc8 15. Rfc1 Ka8 16. Nb3 Qb8 17. Nc5 Ne5 18. Qe2 Nxd3 19. Qxd3 Bc6 20. f4 d4 21. Na6 bxa6 22. Rxc6 Rxc6 23. Rxc6 dxe3 24. Bc5 Qb5 25. Qd6 Ne4 26. Qd7 Nxc5 27. Rc8+ Rxc8 28. Qxc8+ Qb8 29. Qxc5 Qxf4 30. Qc8+ Qb8 1/2-1/2

[Event "Moscow Region Cup"]
[Site "Moscow"]
[Date "2022.12.04"]
[Round "8"]
[White "Popov, Ivan1111"]
[Black "Inarkiev, Ernesto"]
[Result "1/2-1/2"]
[WhiteElo "2627"]
[BlackElo "2661"]
[PlyCount "128"]
[EventDate "2022.12.02"]
[EventType "tourn (rapid)"]
[EventRounds "9"]
[EventCountry "RUS"]
[EventCategory "17"]
[SourceTitle "CBM 211 Extra"]
[Source "ChessBase"]
[SourceDate "2023.01.31"]
[SourceVersion "1"]
[SourceVersionDate "2023.01.31"]
[SourceQuality "1"]

1. e4 e5 2. Nf3 Nc6 3. Bc4 Bc5 4. c3 Nf6 5. d4 exd4 6. cxd4 Bb4+ 7. Nbd2 d5 8. exd5 Nxd5 9. 0-0 0-0 10. a3 Bxd2 11. Bxd2 Bg4 12. h3 Bh5 13. g4 Bg6 14. Re1 Qd6 15. Qb3 Rad8 16. Rac1 Nf4 17. Bf1 Nxd4 18. Nxd4 Qxd4 19. Be3 Qf6 20. Qxb7 Nd3 21. Bxd3 Bxd3 22. Qxc7 Qxb2 23. Bxa7 h6 24. Qe5 Qb7 25. Rc7 Qd5 26. Qxd5 Rxd5 27. Bc5 Rb8 28. Bb4 Bb5 29. Ree7 Be8 30. Kg2 Rdd8 31. h4 h5 32. gxh5 Rd5 33. h6 gxh6 34. Re3 Kg7 35. Rg3+ Kf6 36. Bc3+ Ke6 37. Re3+ Kd6 38. Rc4 Bc6 39. Be5+ Rxe5+ 40. Rxc6+ Kxc6 41. Rxe5 Ra8 42. Rf5 Ra7 43. Rf6+ Kd5 44. Rf3 Ke5 45. Kg3 f5 46. Re3+ Kf6 47. Rb3 Ra4 48. Rb6+ Kg7 49. Rb3 Kg6 50. f3 Kh5 51. Rb6 Rxa3 52. Rf6 Ra4 53. Rxf5+ Kg6 54. Rb5 Rc4 55. Rb6+ Kh5 56. Re6 Ra4 57. Re4 Ra5 58. Rg4 Ra3 59. Rg8 Ra1 60. Rg4 Rg1+ 61. Kh3 Rh1+ 62. Kg3 Rg1+ 63. Kf4 Rxg4+ 64. fxg4+ Kxh4 1/2-1/2

[Event "Moscow Region Cup"]
[Site "Moscow"]
[Date "2022.12.03"]
[Round "4"]
[White "Inarkiev, Ernesto"]
[Black "Malakhov, Vladimir"]
[Result "1-0"]
[WhiteElo "2661"]
[BlackElo "2650"]
[PlyCount "77"]
[EventDate "2022.12.02"]
[EventType "tourn (rapid)"]
[EventRounds "9"]
[EventCountry "RUS"]
[EventCategory "17"]
[SourceTitle "CBM 211 Extra"]
[Source "ChessBase"]
[SourceDate "2023.01.31"]
[SourceVersion "1"]
[SourceVersionDate "2023.01.31"]
[SourceQuality "1"]

1. e4 e5 2. Nf3 Nc6 3. Bb5 Nf6 4. 0-0 Nxe4 5. d4 Nd6 6. dxe5 Nxb5 7. a4 Nbd4 8. Nxd4 Nxd4 9. Qxd4 d5 10. Qd3 c6 11. a5 Be6 12. Nc3 g6 13. Be3 Bg7 14. Bc5 Bf8 15. Bxf8 Kxf8 16. Ne2 c5 17. Rfd1 Qc7 18. Qg3 h5 19. Nf4 Qc6 20. Qg5 Re8 21. c3 Kg7 22. Rd3 b6 23. Rg3 Bc8 24. Nxh5+ Kf8 25. Nf6 Re7 26. axb6 axb6 27. h4 Bf5 28. Qf4 Qb7 29. Rd1 Be6 30. h5 Bf5 31. Rxd5 Qc8 32. Qd2 Kg7 33. h6+ Rxh6 34. Rd8 Ra7 35. f3 Ra1+ 36. Kf2 Rhh1 37. Rxc8 Rhf1+ 38. Ke3 Bxc8 39. Qd8 1-0

[Event "Moscow Region Cup"]
[Site "Moscow"]
[Date "2022.12.02"]
[Round "1"]
[White "Artemiev, Vladislav"]
[Black "Inarkiev, Ernesto"]
[Result "1-0"]
[WhiteElo "2701"]
[BlackElo "2661"]
[PlyCount "152"]
[EventDate "2022.12.02"]
[EventType "tourn (rapid)"]
[EventRounds "9"]
[EventCountry "RUS"]
[EventCategory "17"]
[SourceTitle "CBM 211 Extra"]
[Source "ChessBase"]
[SourceDate "2023.01.31"]
[SourceVersion "1"]
[SourceVersionDate "2023.01.31"]
[SourceQuality "1"]

1. d4 d5 2. Nf3 e6 3. c4 dxc4 4. e3 Nf6 5. Bxc4 c5 6. 0-0 a6 7. Bd3 Nbd7 8. Nc3 b5 9. a4 b4 10. Ne4 Bb7 11. Nxf6+ Qxf6 12. Re1 cxd4 13. exd4 Bxf3 14. Qxf3 Qxf3 15. gxf3 Bd6 16. d5 Nc5 17. Bc4 e5 18. f4 e4 19. Bd2 a5 20. Be3 f5 21. f3 Kf7 22. Kg2 Rac8 23. b3 Rhe8 24. fxe4 Rxe4 25. Bxc5 Rxc5 26. Rxe4 fxe4 27. Re1 Rc7 28. Rxe4 Re7 29. Rd4 Re3 30. f5 Kf6 31. Rh4 Kxf5 32. Rxh7 Re7 33. Rh8 Ke5 34. Ra8 Bc7 35. Ra6 Bd8 36. Kf3 Rf7+ 37. Ke3 Re7 38. Kd3 Bc7 39. Ra8 Kd6 40. Ra6+ Ke5 41. h4 Bd8 42. h5 Bc7 43. Ke3 Bd8 44. Kf3 Rf7+ 45. Kg3 Rf6 46. Ra7 Rf5 47. Rxg7 Rxh5 48. Rd7 Rh8 49. Kf3 Rf8+ 50. Ke2 Kd4 51. Rb7 Re8+ 52. Kd1 Kc5 53. Rb5+ Kd6 54. Rb8 Kc7 55. Rb5 Kd6 56. Rb7 Bc7 57. Ra7 Re7 58. Ra6+ Ke5 59. Kd2 Bd8 60. Ke3 Bc7 61. d6 Bxd6 62. Rxa5+ Kf6+ 63. Kd4 Rc7 64. Rh5 Ke7 65. a5 Bg3 66. Rf5 Kd7 67. a6 Bh2 68. Bb5+ Ke6 69. Rg5 Bf4 70. Rg6+ Kf7 71. Rg4 Bd6 72. Kd5 Be7 73. Rf4+ Kg6 74. Bc6 Kg5 75. Rf7 Kg6 76. Be8 Kg5 1-0

[Event "Krasnogorsk Crocus Rapid"]
[Site "Krasnogorsk"]
[Date "2022.10.01"]
[Round "6"]
[White "Inarkiev, Ernesto"]
[Black "Radjabov, Teimour"]
[Result "0-1"]
[WhiteElo "2661"]
[BlackElo "2747"]
[PlyCount "52"]
[EventDate "2022.09.30"]
[EventType "tourn (rapid)"]
[EventRounds "9"]
[EventCountry "RUS"]
[EventCategory "17"]
[SourceTitle "CBM 210 Extra"]
[Source "ChessBase"]
[SourceDate "2022.11.30"]
[SourceVersion "1"]
[SourceVersionDate "2022.11.30"]
[SourceQuality "1"]

1. d4 Nf6 2. c4 e6 3. Nc3 Bb4 4. Qc2 0-0 5. a3 Bxc3+ 6. Qxc3 d5 7. Bg5 dxc4 8. Qxc4 b6 9. Nf3 c5 10. e4 Ba6 11. Qc2 h6 12. Bxf6 Qxf6 13. Bxa6 Nxa6 14. Qa4 Nc7 15. 0-0 Rfd8 16. Rac1 Ne8 17. Rfd1 cxd4 18. e5 Qf4 19. Rc4 Rac8 20. Rxc8 Rxc8 21. Qd7 Rc1 22. Qxe8+ Kh7 23. Rf1 d3 24. Qd7 Rxf1+ 25. Kxf1 Qc1+ 26. Ne1 d2 0-1

[Event "Krasnogorsk Crocus Rapid"]
[Site "Krasnogorsk"]
[Date "2022.10.01"]
[Round "5"]
[White "Vallejo Pons, Francisco"]
[Black "Inarkiev, Ernesto"]
[Result "0-1"]
[WhiteElo "2711"]
[BlackElo "2661"]
[PlyCount "162"]
[EventDate "2022.09.30"]
[EventType "tourn (rapid)"]
[EventRounds "9"]
[EventCountry "RUS"]
[EventCategory "17"]
[SourceTitle "CBM 210 Extra"]
[Source "ChessBase"]
[SourceDate "2022.11.30"]
[SourceVersion "1"]
[SourceVersionDate "2022.11.30"]
[SourceQuality "1"]

1. e4 e5 2. Nf3 Nc6 3. Bb5 a6 4. Ba4 Nf6 5. Nc3 Be7 6. d3 d6 7. Bxc6+ bxc6 8. d4 exd4 9. Nxd4 Bd7 10. Qf3 0-0 11. 0-0 Re8 12. e5 dxe5 13. Nxc6 Bxc6 14. Qxc6 Qd6 15. Qf3 Rab8 16. b3 e4 17. Qh3 Qc5 18. Bb2 Bd6 19. Nd1 Nd5 20. Ne3 Nxe3 21. Qxe3 Qxc2 22. Bd4 Rb5 23. Rfc1 Qd3 24. Rc4 Rd5 25. g3 f5 26. Re1 Rf8 27. Qxd3 exd3 28. Rd1 Rd8 29. Be3 a5 30. Kg2 Kf7 31. Kf3 Be5 32. h4 R8d7 33. Rdc1 Bb2 34. Rd1 Ba3 35. Bf4 Bc5 36. Rc3 h6 37. Be3 Bb4 38. Rc4 d2 39. Ke2 Re7 40. a3 Bxa3 41. Rxd2 Rb5 42. Rd3 g5 43. Kf3 Kg6 44. Rc6+ Bd6 45. Rc4 Re8 46. hxg5 hxg5 47. Bd2 Reb8 48. Ke2 Kf6 49. Rc6 Ke6 50. Ra6 Rxb3 51. Rxa5 Rxd3 52. Kxd3 Rb3+ 53. Ke2 g4 54. Be3 c6 55. Ra6 Kd5 56. Ra7 c5 57. Rf7 Ke4 58. Rd7 Rb2+ 59. Kd1 Bxg3 60. Re7+ Be5 61. Bxc5 Kd5 62. Ba7 f4 63. Re8 Ra2 64. Bb6 Rb2 65. Ba7 Rb7 66. Bc5 Rb5 67. Ba7 Rb2 68. Ke1 Rb7 69. Ra8 Ke4 70. Bc5 Rb1+ 71. Kd2 Rb2+ 72. Kd1 Bc3 73. Rd8 Ra2 74. Rd7 Ra5 75. Bb6 Ra1+ 76. Kc2 Be5 77. Re7 Ra6 78. Ba7 Kf3 79. Kd3 Bf6 80. Rf7 Bh4 81. Be3 Ra4 0-1

[Event "RUS-chT 29th"]
[Site "Sochi"]
[Date "2022.05.10"]
[Round "7.2"]
[White "Inarkiev, Ernesto"]
[Black "Paravyan, David"]
[Result "1/2-1/2"]
[WhiteElo "2659"]
[BlackElo "2617"]
[PlyCount "159"]
[EventDate "2022.05.01"]
[EventType "team-tourn"]
[EventRounds "7"]
[EventCountry "RUS"]
[SourceTitle "CBM 208 Extra"]
[Source "ChessBase"]
[SourceDate "2022.07.31"]
[SourceVersion "1"]
[SourceVersionDate "2022.07.31"]
[SourceQuality "1"]
[WhiteTeam "Moscow Team"]
[BlackTeam "Cheliabinsk Yuzhnyy Ural"]
[WhiteTeamCountry "RUS"]
[BlackTeamCountry "RUS"]

1. d4 Nf6 2. c4 e6 3. Nf3 d5 4. g3 Be7 5. Bg2 0-0 6. Nc3 h6 7. 0-0 dxc4 8. e3 c5 9. dxc5 Qa5 10. Qd4 Nc6 11. Qxc4 Qxc5 12. Qxc5 Bxc5 13. a3 Rd8 14. b4 Be7 15. Bb2 Bd7 16. Rfc1 Be8 17. Rc2 Rab8 18. Rac1 Kf8 19. Ne2 Nd5 20. Nf4 Nxf4 21. gxf4 Bf6 22. Ne5 Bxe5 23. fxe5 a6 24. f4 Rd3 25. Kf2 Ne7 26. Bf1 Rdd8 27. Bd4 Ba4 28. Rd2 Ke8 29. Ke1 Rbc8 30. Rxc8 Rxc8 31. Bc5 Bb5 32. Bh3 Bc6 33. Kf2 Ra8 34. Bf1 Nd5 35. Bd4 Rc8 36. Kg3 Bb5 37. Bg2 Rc1 38. f5 Ne7 39. fxe6 Nf5+ 40. Kf2 fxe6 41. Bc5 Ra1 42. Bxb7 Rxa3 43. Bf3 Kf7 44. Bh5+ g6 45. Be2 Bxe2 46. Kxe2 g5 47. e4 Nh4 48. Rd7+ Kg8 49. Ra7 Ng6 50. Bd6 g4 51. Kd2 Ra2+ 52. Kc3 Rxh2 53. Rxa6 g3 54. Bc5 Rh1 55. Rxe6 Nf4 56. Rf6 Rc1+ 57. Kd2 Rxc5 58. Rxf4 Rxe5 59. Rg4+ Kf7 60. Rxg3 Rxe4 61. Kc3 Ke7 62. Rd3 h5 63. b5 h4 64. Rd1 Re6 65. Kc4 Rd6 66. Rg1 Kd7 67. Rg7+ Kc8 68. Rh7 Kb8 69. Kc5 Rg6 70. Rxh4 Rg8 71. Rh7 Rf8 72. Kb6 Rf6+ 73. Ka5 Rf8 74. Ka6 Rg8 75. b6 Rf8 76. Rb7+ Ka8 77. Rd7 Kb8 78. Rd6 Rh8 79. b7 Rg8 80. Kb6 1/2-1/2

[Event "RUS-chT 29th"]
[Site "Sochi"]
[Date "2022.05.02"]
[Round "2.3"]
[White "Tsydypov, Zhamsaran"]
[Black "Inarkiev, Ernesto"]
[Result "1/2-1/2"]
[WhiteElo "2533"]
[BlackElo "2659"]
[PlyCount "114"]
[EventDate "2022.05.01"]
[EventType "team-tourn"]
[EventRounds "7"]
[EventCountry "RUS"]
[SourceTitle "CBM 208 Extra"]
[Source "ChessBase"]
[SourceDate "2022.07.31"]
[SourceVersion "1"]
[SourceVersionDate "2022.07.31"]
[SourceQuality "1"]
[WhiteTeam "Tatarstan Ladya"]
[BlackTeam "Moscow Team"]
[WhiteTeamCountry "RUS"]
[BlackTeamCountry "RUS"]

1. d4 d5 2. c4 dxc4 3. e3 Nf6 4. Bxc4 e6 5. Nf3 c5 6. 0-0 a6 7. b3 b5 8. Be2 Bb7 9. a4 b4 10. Bb2 Nbd7 11. Nbd2 Be7 12. Ne5 cxd4 13. Bxd4 Nxe5 14. Bxe5 0-0 15. Nc4 Nd5 16. Bf3 Rc8 17. Rc1 Bf6 18. Qd4 Ba8 19. Bxf6 Qxf6 20. Bxd5 Bxd5 21. Nb6 Qxd4 22. exd4 Rcd8 23. Nxd5 Rxd5 24. Rc4 a5 25. f4 Rfd8 26. Rd1 Rf5 27. g3 h6 28. Re1 Rfd5 29. Re4 R8d6 30. Kf2 f6 31. Ke2 Kf7 32. Ke3 g5 33. fxg5 hxg5 34. h4 f5 35. Re5 Rxe5+ 36. dxe5 Rd5 37. hxg5 Rxe5+ 38. Kf4 Rd5 39. g4 Kg6 40. gxf5+ Rxf5+ 41. Ke4 Rxg5 42. Rc6 Kf6 43. Ra6 Re5+ 44. Kf4 Rh5 45. Ra7 Rc5 46. Ke4 Re5+ 47. Kf4 Rh5 48. Ke4 Rd5 49. Ra6 Re5+ 50. Kf4 Rh5 51. Ra7 Rh4+ 52. Ke3 Kf5 53. Rxa5+ e5 54. Kd3 Rd4+ 55. Ke2 Re4+ 56. Kd3 Rd4+ 57. Ke2 Re4+ 1/2-1/2